La philosophie de Leibniz
Uloženo v:
| Hlavní autor: | |
|---|---|
| Médium: | Kniha |
| Jazyk: | francouzština |
| Vydáno: |
París
Félix Alcan
1908
|
| Témata: | |
| Tagy: |
Přidat tag
Žádné tagy, Buďte první, kdo vytvoří štítek k tomuto záznamu!
|
MARC
| LEADER | 00000nam a2200000 a 4500 | ||
|---|---|---|---|
| 001 | UCZ3751 | ||
| 003 | CL-VaPUC | ||
| 005 | 20230411074550.0 | ||
| 008 | 951027e19080000FR |||||||||||||||||fre|d | ||
| 999 | |c 240199 |d 240197 | ||
| 040 | |c Pontificia Universidad Católica de Valparaíso | ||
| 082 | 0 | 4 | |a 141 |b RUS |2 21 |
| 100 | 0 | |a Russell, Bertrand |e author |9 323650 | |
| 245 | 1 | 3 | |a La philosophie de Leibniz |
| 260 | |a París |b Félix Alcan |c 1908 | ||
| 300 | |a 264 p | ||
| 583 | |a last modification |c 19951027 00:00:00 |k Rodrigo Vera | ||
| 600 | |a Leibniz, Gottfried Wilhelm |d 1646-1716 |9 860284 | ||
| 650 | 0 | |a Idealismo |9 265685 | |
| 650 | 0 | |a Filosofía alemana |9 265002 | |
| 650 | 0 | |a Racionalismo |9 259116 | |
| 650 | 0 | |a Metafísica |9 265649 | |
| 650 | 0 | |a Ética |9 255099 | |
| 650 | 0 | |a Conceptos morales |9 310606 | |
| 942 | |c BK |2 ddc | ||
| 945 | |d 19951027 00:00:00 |a cmena | ||
| 952 | |0 0 |1 0 |4 0 |6 141_000000000000000_RUS_1908 |7 0 |8 P |9 251919 |a BIBEDU |b BIBEDU |c BIBEDU_PB |d 2019-11-18 |i 1588524 |o 141 RUS 1908 |p 1588524 |r 2024-01-25 |w 2019-11-18 |y BK |k FIL | ||